[Event "GER MS-140 email"]
[Site "GER email"]
[Date "2011.09.05"]
[Round "?"]
[White "Hoebel, Hartmut"]
[Black "Gericke, Rolf"]
[Result "1/2-1/2"]
[WhiteElo "2172"]
[BlackElo "2098"]
[PlyCount "105"]
[EventDate "2011.09.09"]
[EventType "tourn (corr)"]
[EventRounds "6"]
[EventCountry "GER"]
[SourceTitle "Corr 2015"]
[Source "ChessBase"]
[SourceDate "2015.07.17"]
[SourceVersion "1"]
[SourceVersionDate "2015.07.17"]
[SourceQuality "1"]
[WhiteTeam "Germany"]
[BlackTeam "Germany"]
[WhiteTeamCountry "GER"]
[BlackTeamCountry "GER"]

1. d4 d5 2. c4 dxc4 3. Nf3 Nf6 4. e3 e6 5. Bxc4 c5 6. 0-0 a6 7. Qe2 Nc6 8. Nc3 Qc7 9. Rd1 b5 10. Bd3 Bb7 11. a4 b4 12. Ne4 Na5 13. Nxf6+ gxf6 14. Bd2 Nb3 15. Rab1 Qc6 16. Be1 cxd4 17. Bc2 Nc5 18. exd4 b3 19. Bf5 Qd5 20. dxc5 Qxf5 21. Nd4 Qe4 22. Qxe4 Bxe4 23. Rbc1 Rc8 24. Bb4 Rg8 25. f3 Bd5 26. Kf2 Rg5 27. h4 Re5 28. Rd3 f5 29. Kg3 f6 30. Rcc3 Kf7 31. Ba3 Be7 32. Kf2 f4 33. Ne2 Rf5 34. Rd4 Bc6 35. Rxb3 e5 36. Rd2 Rh5 37. Rb6 Rxh4 38. Rxa6 Rh1 39. Ra7 f5 40. Rd6 Kf8 41. Nc3 e4 42. Nd5 Bh4+ 43. Ke2 Re1+ 44. Kd2 e3+ 45. Kc2 e2 46. Bb4 Rd1 47. Nxf4 Rxd6 48. cxd6 Bxa4+ 49. Kb1 Bc2+ 50. Kc1 Ba4+ 51. Rc7 Rb8 52. Bd2 Bf6 53. b3 1/2-1/2

[Event "GER MS-140 email"]
[Site "GER email"]
[Date "2011.09.05"]
[Round "?"]
[White "Schumacher, Frank"]
[Black "Gericke, Rolf"]
[Result "1/2-1/2"]
[WhiteElo "1949"]
[BlackElo "2098"]
[PlyCount "66"]
[EventDate "2011.09.09"]
[EventType "tourn (corr)"]
[EventRounds "6"]
[EventCountry "GER"]
[SourceTitle "Corr 2015"]
[Source "ChessBase"]
[SourceDate "2015.07.17"]
[SourceVersion "1"]
[SourceVersionDate "2015.07.17"]
[SourceQuality "1"]
[WhiteTeam "Germany"]
[BlackTeam "Germany"]
[WhiteTeamCountry "GER"]
[BlackTeamCountry "GER"]

1. e4 e5 2. Nf3 Nc6 3. Bb5 Nf6 4. 0-0 Bc5 5. Nxe5 Nxe4 6. Qe2 Nxe5 7. Qxe4 Qe7 8. Nc3 Ng6 9. Qxe7+ Bxe7 10. Nd5 Bd6 11. Re1+ Kd8 12. Ne3 Re8 13. d4 Bf4 14. g3 c6 15. Bd3 Bh6 16. Bd2 Ne7 17. Bb4 d5 18. Re2 g6 19. Rae1 Ng8 20. f3 b6 21. Kf2 a5 22. Bd6 Kd7 23. Be5 Bxe3+ 24. Rxe3 f6 25. Bf4 Rxe3 26. Bxe3 Ba6 27. Bxa6 Rxa6 28. g4 Ra8 29. h4 h5 30. b3 Ne7 31. Bh6 Re8 32. Bf4 a4 33. Bh6 c5 1/2-1/2

[Event "GER-ch43 V11 email"]
[Site "GER email"]
[Date "2011.04.10"]
[Round "?"]
[White "Betker, Joerg"]
[Black "Gericke, Rolf"]
[Result "1-0"]
[WhiteElo "2236"]
[BlackElo "2070"]
[PlyCount "57"]
[EventDate "2011.04.18"]
[EventType "tourn (corr)"]
[EventRounds "10"]
[EventCountry "GER"]
[SourceTitle "Corr 2015"]
[Source "ChessBase"]
[SourceDate "2015.07.17"]
[SourceVersion "1"]
[SourceVersionDate "2015.07.17"]
[SourceQuality "1"]

1. e4 c5 2. Nf3 Nc6 3. d4 cxd4 4. Nxd4 Nf6 5. Nc3 d6 6. Bg5 e6 7. Qd2 Be7 8. 0-0-0 a6 9. f4 Bd7 10. Nf3 b5 11. e5 b4 12. exf6 bxc3 13. Qxc3 gxf6 14. Kb1 d5 15. Bh4 Rc8 16. Bxa6 Rc7 17. Bd3 Ne5 18. Qd4 Nxd3 19. Qxd3 Qa8 20. Nd4 Ra7 21. Nb3 Rxa2 22. Qc3 Ra4 23. Bxf6 Rg8 24. Bxe7 Kxe7 25. Rhe1 Rxg2 26. Qh3 Rg7 27. Qh5 Kd8 28. Qh4+ Ke8 29. Rg1 1-0

[Event "GER-ch43 V11 email"]
[Site "GER email"]
[Date "2011.04.10"]
[Round "?"]
[White "Fabig, Holger"]
[Black "Gericke, Rolf"]
[Result "1/2-1/2"]
[WhiteElo "2047"]
[BlackElo "2070"]
[PlyCount "108"]
[EventDate "2011.04.18"]
[EventType "tourn (corr)"]
[EventRounds "10"]
[EventCountry "GER"]
[SourceTitle "Corr 2015"]
[Source "ChessBase"]
[SourceDate "2015.07.17"]
[SourceVersion "1"]
[SourceVersionDate "2015.07.17"]
[SourceQuality "1"]

1. e4 c5 2. Nc3 Nc6 3. g3 g6 4. Bg2 Bg7 5. d3 d6 6. Be3 Rb8 7. Qd2 b5 8. Nge2 Nd4 9. 0-0 e6 10. Nd1 Ne7 11. Nxd4 cxd4 12. Bh6 0-0 13. Bxg7 Kxg7 14. c3 Nc6 15. f4 e5 16. f5 f6 17. Rc1 Bb7 18. Nf2 g5 19. c4 a6 20. Bf3 bxc4 21. dxc4 a5 22. h4 h6 23. Kg2 a4 24. Rh1 Qa5 25. Qc2 Ba8 26. hxg5 hxg5 27. Rh5 Rh8 28. Rch1 Rxh5 29. Rxh5 Nd8 30. g4 Nf7 31. Nd3 Bc6 32. Kg3 Bd7 33. Qh2 Rh8 34. Rxh8 Nxh8 35. Qc2 Nf7 36. b4 axb3 37. axb3 Nd8 38. Qb2 Nb7 39. b4 Qa6 40. Be2 Be8 41. Nc1 Qa4 42. Kg2 Bf7 43. Qb3 Qa1 44. Qc2 Be8 45. Nd3 Bc6 46. Bf3 Qa3 47. c5 Qc3 48. Qxc3 dxc3 49. cxd6 Nxd6 50. Kf2 Nb5 51. Ne1 Nd4 52. Ke3 Kf7 53. Bd1 Bb5 54. Nc2 Nxc2+ 1/2-1/2

[Event "GER MS-122 email"]
[Site "GER email"]
[Date "2011.02.11"]
[Round "?"]
[White "Draeger, Wolfgang"]
[Black "Gericke, Rolf"]
[Result "1-0"]
[WhiteElo "2088"]
[BlackElo "2121"]
[PlyCount "55"]
[EventDate "2011.02.18"]
[EventType "tourn (corr)"]
[EventRounds "6"]
[EventCountry "GER"]
[SourceTitle "Corr 2015"]
[Source "ChessBase"]
[SourceDate "2015.07.17"]
[SourceVersion "1"]
[SourceVersionDate "2015.07.17"]
[SourceQuality "1"]
[WhiteTeam "Germany"]
[BlackTeam "Latvia"]
[WhiteTeamCountry "GER"]
[BlackTeamCountry "LAT"]

1. d4 Nf6 2. c4 g6 3. Nc3 d5 4. cxd5 Nxd5 5. e4 Nxc3 6. bxc3 Bg7 7. Bc4 c5 8. Ne2 Nc6 9. Be3 0-0 10. 0-0 Bg4 11. f3 Na5 12. Bxf7+ Rxf7 13. fxg4 Rxf1+ 14. Kxf1 Qd6 15. Kg1 Qe6 16. Qd3 cxd4 17. cxd4 Qxg4 18. Rb1 b6 19. d5 Qd7 20. Nd4 Bf6 21. Rf1 Rd8 22. h3 Bg7 23. Rd1 Nb7 24. Ne6 Re8 25. Rc1 Nc5 26. Bxc5 bxc5 27. Nxg7 Kxg7 28. Rxc5 1-0

[Event "GER MS-122 email"]
[Site "GER email"]
[Date "2011.02.11"]
[Round "?"]
[White "Gericke, Rolf"]
[Black "Packroff, Hermann"]
[Result "1/2-1/2"]
[WhiteElo "2121"]
[BlackElo "1925"]
[PlyCount "50"]
[EventDate "2011.02.18"]
[EventType "tourn (corr)"]
[EventRounds "6"]
[EventCountry "GER"]
[SourceTitle "Corr 2015"]
[Source "ChessBase"]
[SourceDate "2015.07.17"]
[SourceVersion "1"]
[SourceVersionDate "2015.07.17"]
[SourceQuality "1"]
[WhiteTeam "Germany"]
[BlackTeam "Latvia"]
[WhiteTeamCountry "GER"]
[BlackTeamCountry "LAT"]

1. e4 c6 2. d4 d5 3. Nd2 dxe4 4. Nxe4 Bf5 5. Nc5 b6 6. Nb3 e6 7. Nf3 Nf6 8. g3 a5 9. Bg2 a4 10. Nbd2 a3 11. 0-0 axb2 12. Bxb2 Ba3 13. Bxa3 Rxa3 14. Nc4 Ra4 15. Nfe5 0-0 16. c3 b5 17. Ne3 Be4 18. Bxe4 Nxe4 19. Qc2 Nd6 20. c4 Qa5 21. Rfc1 f6 22. Nd3 Nxc4 23. Qe2 Nxe3 24. Qxe3 Kh8 25. Qxe6 Rxd4 1/2-1/2

[Event "GER MS-119 email"]
[Site "GER email"]
[Date "2011.01.05"]
[Round "?"]
[White "Frank, Heinrich"]
[Black "Gericke, Rolf"]
[Result "0-1"]
[WhiteElo "2116"]
[BlackElo "2081"]
[PlyCount "30"]
[EventDate "2011.01.11"]
[EventType "tourn (corr)"]
[EventRounds "6"]
[EventCountry "GER"]
[SourceTitle "Corr 2015"]
[Source "ChessBase"]
[SourceDate "2015.07.17"]
[SourceVersion "1"]
[SourceVersionDate "2015.07.17"]
[SourceQuality "1"]
[WhiteTeam "Germany"]
[BlackTeam "Latvia"]
[WhiteTeamCountry "GER"]
[BlackTeamCountry "LAT"]

1. e4 e5 2. Nf3 Nc6 3. d4 exd4 4. Nxd4 Bc5 5. Nxc6 Qf6 6. f4 dxc6 7. Nc3 Nh6 8. Qf3 Bg4 9. Qg3 0-0-0 10. Be3 Bb4 11. Bd2 Rhe8 12. Bd3 c5 13. h3 Bh5 14. e5 c4 15. Be4 Qe6 0-1

[Event "GER HL-177 email"]
[Site "GER email"]
[Date "2010.??.??"]
[Round "?"]
[White "Seyb, Norbert"]
[Black "Gericke, Rolf"]
[Result "0-1"]
[WhiteElo "1781"]
[BlackElo "2072"]
[PlyCount "58"]
[EventDate "2010.??.??"]
[EventType "tourn (corr)"]
[EventRounds "6"]
[EventCountry "GER"]
[SourceTitle "Corr 2015"]
[Source "ChessBase"]
[SourceDate "2015.07.17"]
[SourceVersion "1"]
[SourceVersionDate "2015.07.17"]
[SourceQuality "1"]
[WhiteTeam "Germany"]
[BlackTeam "Germany"]
[WhiteTeamCountry "GER"]
[BlackTeamCountry "GER"]

1. e4 c5 2. Nf3 Nc6 3. d4 cxd4 4. Nxd4 Nf6 5. Nc3 d6 6. f4 e6 7. Be3 Be7 8. Qf3 e5 9. Nxc6 bxc6 10. fxe5 dxe5 11. Bc4 0-0 12. h3 Be6 13. Bb3 c5 14. Nd5 Bxd5 15. exd5 Rc8 16. c4 e4 17. Qf5 g6 18. Qf2 Nh5 19. 0-0 f5 20. Bh6 Bd6 21. Bxf8 Qxf8 22. Qd2 Ng3 23. Rf2 Be5 24. Re1 Bd4 25. Qf4 Nh5 26. Qc1 Qf6 27. Rd1 Ng3 28. Re1 f4 29. Qc2 f3 0-1

[Event "GER ML-358 email"]
[Site "GER email"]
[Date "2009.11.13"]
[Round "?"]
[White "Gericke, Rolf"]
[Black "Goy, Udo"]
[Result "1/2-1/2"]
[WhiteElo "2072"]
[BlackElo "2017"]
[PlyCount "49"]
[EventDate "2009.??.??"]
[EventType "tourn (corr)"]
[EventRounds "6"]
[EventCountry "GER"]
[SourceTitle "Corr 2020"]
[Source "ChessBase"]
[SourceDate "2019.09.30"]
[SourceVersion "1"]
[SourceVersionDate "2019.09.30"]
[SourceQuality "1"]

1. Nf3 d6 2. d4 g6 3. e4 Bg7 4. Nc3 c6 5. Be2 Nd7 6. a4 Nh6 7. 0-0 0-0 8. h3 a5 9. Re1 e5 10. dxe5 dxe5 11. Bc4 Kh8 12. Qd6 Nb6 13. Qxd8 Rxd8 14. Bb3 f6 15. Be3 Nd7 16. Rad1 Bf8 17. g4 g5 18. Re2 Re8 19. Red2 Nc5 20. Rd8 Bxg4 21. Rxa8 Rxa8 22. hxg4 Nxg4 23. Bxc5 Bxc5 24. Rd7 Nxf2 25. Kf1 1/2-1/2

[Event "GER ML-358 email"]
[Site "GER email"]
[Date "2009.??.??"]
[Round "?"]
[White "Bruening, Ralf"]
[Black "Gericke, Rolf"]
[Result "1/2-1/2"]
[WhiteElo "1976"]
[BlackElo "2072"]
[PlyCount "59"]
[EventDate "2009.??.??"]
[EventType "tourn (corr)"]
[EventRounds "6"]
[EventCountry "GER"]
[SourceTitle "Corr 2020"]
[Source "ChessBase"]
[SourceDate "2019.09.30"]
[SourceVersion "1"]
[SourceVersionDate "2019.09.30"]
[SourceQuality "1"]

1. e4 e5 2. Nf3 Nf6 3. d4 Nxe4 4. Bd3 d5 5. Nxe5 Nd7 6. Nxd7 Bxd7 7. 0-0 Bd6 8. c4 c6 9. Nc3 Nxc3 10. bxc3 0-0 11. cxd5 cxd5 12. Qh5 g6 13. Qxd5 Qc7 14. Bh6 Rfe8 15. h3 Be6 16. Qg5 Qxc3 17. Rfd1 Rad8 18. Bb5 Bd7 19. Qf6 Bf8 20. Rac1 Qa3 21. Bxf8 Qxf8 22. Bc4 Ba4 23. Re1 Rd7 24. a3 Bc6 25. Rxe8 Qxe8 26. Ba2 a6 27. Rc5 Qd8 28. Bxf7+ Kf8 29. Qxd8+ Rxd8 30. d5 1/2-1/2

[Event "GER HL-175 email"]
[Site "GER email"]
[Date "2009.??.??"]
[Round "?"]
[White "Gericke, Rolf"]
[Black "Horst, Lothar"]
[Result "1-0"]
[WhiteElo "2072"]
[BlackElo "1803"]
[PlyCount "101"]
[EventDate "2009.??.??"]
[EventType "tourn (corr)"]
[EventRounds "6"]
[EventCountry "GER"]
[SourceTitle "Corr 2020"]
[Source "ChessBase"]
[SourceDate "2019.09.30"]
[SourceVersion "1"]
[SourceVersionDate "2019.09.30"]
[SourceQuality "1"]

1. e4 e5 2. Nf3 Nc6 3. Bb5 a6 4. Ba4 Nf6 5. 0-0 Be7 6. Qe2 b5 7. Bb3 0-0 8. d4 Nxd4 9. Nxd4 exd4 10. e5 Ne8 11. c3 c5 12. cxd4 d5 13. dxc5 Bxc5 14. Nc3 Nc7 15. Rd1 Be6 16. Ne4 Bb6 17. Ng5 Qe7 18. Qd3 g6 19. h3 Rac8 20. Qg3 a5 21. a4 b4 22. Nf3 d4 23. Bc2 Ne8 24. Bg5 Qd7 25. Be4 Ng7 26. Qh4 Bf5 27. Bf6 Nh5 28. Ng5 Bxe4 29. Nxe4 Bd8 30. g4 Nxf6 31. exf6 Rc6 32. Rac1 Re8 33. Rxc6 Qxc6 34. Rxd4 Qc1+ 35. Kg2 Bb6 36. Rd2 Rxe4 37. Qh6 Rxg4+ 38. hxg4 Qc6+ 39. f3 Qxf6 40. Re2 Qd8 41. Qd2 Qc7 42. b3 Qc5 43. Re8+ Kg7 44. Qb2+ f6 45. Re1 h5 46. Qd2 Qc7 47. gxh5 gxh5 48. Re8 Qf7 49. Qe1 Kh6 50. Qe6 Qg7+ 51. Kh3 1-0

[Event "GER HL-175 email"]
[Site "GER email"]
[Date "2009.??.??"]
[Round "?"]
[White "Gericke, Rolf"]
[Black "Meller, Edwin"]
[Result "1-0"]
[WhiteElo "2072"]
[BlackElo "2188"]
[PlyCount "45"]
[EventDate "2009.??.??"]
[EventType "tourn (corr)"]
[EventRounds "6"]
[EventCountry "GER"]
[SourceTitle "Corr 2020"]
[Source "ChessBase"]
[SourceDate "2019.09.30"]
[SourceVersion "1"]
[SourceVersionDate "2019.09.30"]
[SourceQuality "1"]

1. e4 e5 2. Nf3 Nc6 3. Bb5 a6 4. Ba4 Bc5 5. c3 b5 6. Bb3 Qe7 7. 0-0 Bb6 8. a4 Bb7 9. axb5 axb5 10. Rxa8+ Bxa8 11. d3 Nf6 12. Na3 Na7 13. Bg5 h6 14. Bh4 0-0 15. Nc2 Nc6 16. Ne3 Bxe3 17. fxe3 Bb7 18. Qe1 Qd6 19. Qg3 Kh7 20. Qh3 Kg8 21. Nd4 exd4 22. Bxf6 gxf6 23. Qxh6 1-0

[Event "GER-ch38 fin email"]
[Site "GER email"]
[Date "2009.??.??"]
[Round "?"]
[White "Gericke, Rolf"]
[Black "Moll, Reinhard"]
[Result "1/2-1/2"]
[WhiteElo "2072"]
[BlackElo "2296"]
[PlyCount "56"]
[EventDate "2009.??.??"]
[EventType "tourn (corr)"]
[EventRounds "12"]
[EventCountry "GER"]
[SourceTitle "Corr 2020"]
[Source "ChessBase"]
[SourceDate "2019.09.30"]
[SourceVersion "1"]
[SourceVersionDate "2019.09.30"]
[SourceQuality "1"]

1. e4 e5 2. Nf3 Nc6 3. Bb5 a6 4. Ba4 Nf6 5. 0-0 Be7 6. Re1 b5 7. Bb3 0-0 8. c3 d5 9. exd5 Nxd5 10. Nxe5 Nxe5 11. Rxe5 c6 12. d4 Bd6 13. Re1 Qh4 14. g3 Qh3 15. Be3 Bg4 16. Qd3 Rae8 17. Nd2 Re6 18. a4 Qh5 19. axb5 axb5 20. Ne4 Bf5 21. Bd2 Rxe4 22. Rxe4 Qg6 23. f3 Nf6 24. Qe2 Nxe4 25. fxe4 Bxe4 26. Re1 Bc2 27. Bxc2 Qxc2 28. Bf4 Qxe2 1/2-1/2

[Event "GER HL-175 email"]
[Site "GER email"]
[Date "2009.??.??"]
[Round "?"]
[White "Gericke, Rolf"]
[Black "Von Wnuck, Marek"]
[Result "1-0"]
[WhiteElo "2072"]
[BlackElo "1640"]
[PlyCount "63"]
[EventDate "2009.??.??"]
[EventType "tourn (corr)"]
[EventRounds "6"]
[EventCountry "GER"]
[SourceTitle "Corr 2020"]
[Source "ChessBase"]
[SourceDate "2019.09.30"]
[SourceVersion "1"]
[SourceVersionDate "2019.09.30"]
[SourceQuality "1"]

1. e4 d6 2. d4 Nf6 3. Nc3 g6 4. Be3 c6 5. f3 b5 6. g4 h5 7. g5 Nfd7 8. Qd2 Bg7 9. f4 Nb6 10. Nf3 d5 11. e5 Nc4 12. Bxc4 bxc4 13. b3 cxb3 14. axb3 Bg4 15. Qf2 0-0 16. 0-0 Qc8 17. Nh4 Bf5 18. Ra2 f6 19. gxf6 exf6 20. Qg3 Kh7 21. b4 Rf7 22. Rb1 Bf8 23. Nxf5 gxf5 24. Qh3 Na6 25. Ne2 Nxb4 26. Rab2 Kh8 27. Kh1 a5 28. c3 Na6 29. Ng3 fxe5 30. Nxh5 Rh7 31. Rg1 Qe6 32. Rbg2 1-0

[Event "GER HL-175 email"]
[Site "GER email"]
[Date "2009.??.??"]
[Round "?"]
[White "Jaspert, Juergen"]
[Black "Gericke, Rolf"]
[Result "1/2-1/2"]
[WhiteElo "1759"]
[BlackElo "2072"]
[PlyCount "99"]
[EventDate "2009.??.??"]
[EventType "tourn (corr)"]
[EventRounds "6"]
[EventCountry "GER"]
[SourceTitle "Corr 2020"]
[Source "ChessBase"]
[SourceDate "2019.09.30"]
[SourceVersion "1"]
[SourceVersionDate "2019.09.30"]
[SourceQuality "1"]

1. e4 c5 2. Nf3 e6 3. d4 cxd4 4. Nxd4 Nc6 5. Nc3 Qc7 6. Be2 a6 7. 0-0 Nf6 8. Be3 Bb4 9. Nxc6 bxc6 10. Qd4 c5 11. Qc4 Bb7 12. a3 d5 13. exd5 exd5 14. Qf4 Qxf4 15. Bxf4 Bxc3 16. bxc3 0-0 17. f3 Rfe8 18. Rfe1 c4 19. Rab1 Bc6 20. Kf2 h6 21. h4 Re6 22. Bd1 Bb5 23. Re3 Rae8 24. g4 Nd7 25. Re2 Kf8 26. Be3 f6 27. f4 Kf7 28. Bd4 Rxe2+ 29. Bxe2 Ke6 30. Rg1 Rh8 31. h5 Kd6 32. g5 hxg5 33. fxg5 Nc5 34. h6 gxh6 35. gxf6 Ne6 36. Ke3 Rf8 37. Rg6 h5 38. Bxh5 Be8 39. Rh6 Bxh5 40. Rxh5 Nxd4 41. Kxd4 Rxf6 42. Rxd5+ Kc6 43. Kxc4 Rf2 44. a4 Rxc2 45. Rc5+ Kb7 46. Kb3 Rc1 47. Rf5 Kb6 48. a5+ Kc6 49. Kc4 Kc7 50. Rf6 1/2-1/2

[Event "GER ML-358 email"]
[Site "GER email"]
[Date "2009.??.??"]
[Round "?"]
[White "Wapniewski, Kay Edgar"]
[Black "Gericke, Rolf"]
[Result "1-0"]
[WhiteElo "1816"]
[BlackElo "2072"]
[PlyCount "91"]
[EventDate "2009.??.??"]
[EventType "tourn (corr)"]
[EventRounds "6"]
[EventCountry "GER"]
[SourceTitle "Corr 2020"]
[Source "ChessBase"]
[SourceDate "2019.09.30"]
[SourceVersion "1"]
[SourceVersionDate "2019.09.30"]
[SourceQuality "1"]

1. d4 d5 2. c4 Nc6 3. cxd5 Qxd5 4. e3 e5 5. Nc3 Bb4 6. Bd2 Bxc3 7. bxc3 Nf6 8. f3 0-0 9. e4 Qd6 10. d5 Ne7 11. c4 Nd7 12. Nh3 Nc5 13. Nf2 f5 14. Bb4 b6 15. Be2 Ng6 16. 0-0 Bd7 17. Nd3 Rae8 18. g3 h5 19. Qd2 f4 20. Rfb1 fxg3 21. hxg3 h4 22. g4 Nf4 23. Bxc5 bxc5 24. Nxf4 Rxf4 25. Rb7 Ref8 26. Rxa7 Qh6 27. Rd1 Qd6 28. Kh2 Qg6 29. Ra3 R8f6 30. Qe3 Rb6 31. Rdd3 Rb4 32. Rdb3 Rxb3 33. axb3 Kh7 34. Kh3 Qd6 35. Ra5 Qb6 36. Rxc5 Rf8 37. Qf2 Ra8 38. b4 g5 39. Bd1 Kg6 40. Qd2 Kf6 41. Kg2 Rb8 42. Ra5 Qxb4 43. Ra6+ c6 44. Qxb4 Rxb4 45. Be2 Rb2 46. Kf2 1-0

[Event "GER-ch38 fin email"]
[Site "GER email"]
[Date "2009.??.??"]
[Round "?"]
[White "Wedel, Benno"]
[Black "Gericke, Rolf"]
[Result "1/2-1/2"]
[WhiteElo "2283"]
[BlackElo "2072"]
[PlyCount "96"]
[EventDate "2009.??.??"]
[EventType "tourn (corr)"]
[EventRounds "12"]
[EventCountry "GER"]
[SourceTitle "Corr 2020"]
[Source "ChessBase"]
[SourceDate "2019.09.30"]
[SourceVersion "1"]
[SourceVersionDate "2019.09.30"]
[SourceQuality "1"]

1. c4 Nf6 2. Nc3 e5 3. Nf3 Nc6 4. g3 Bc5 5. Nxe5 Bxf2+ 6. Kxf2 Nxe5 7. e4 c5 8. d4 cxd4 9. Qxd4 0-0 10. Bf4 d6 11. h3 Be6 12. Be2 a6 13. Kg2 Rc8 14. b3 b5 15. Rhd1 Qa5 16. Nd5 Bxd5 17. exd5 Rfe8 18. Bd2 Qc7 19. Rac1 bxc4 20. bxc4 Qd7 21. Bg5 Nc6 22. Qf2 Ne4 23. dxc6 Qc7 24. Qf4 Nxg5 25. Bg4 Qxc6+ 26. Rd5 Ne6 27. Qxd6 Qb7 28. Kg1 g6 29. Bxe6 Rxe6 30. Qd7 Qb8 31. Rd3 Rxc4 32. Rxc4 Qb1+ 33. Rd1 Re1+ 34. Kf2 Qxd1 35. Qxd1 Rxd1 36. Ra4 Rd6 37. Ke3 f5 38. g4 fxg4 39. hxg4 Kg7 40. Kf4 h6 41. Ke5 Rf6 42. Rc4 h5 43. gxh5 Rf5+ 44. Ke4 Rxh5 45. Kf3 Rb5 46. Kg4 g5 47. Rc7+ Kf8 48. a4 Ra5 1/2-1/2

[Event "GER ML-343 email"]
[Site "GER email"]
[Date "2009.??.??"]
[Round "?"]
[White "Wuttke, Johannes"]
[Black "Gericke, Rolf"]
[Result "1/2-1/2"]
[WhiteElo "2042"]
[BlackElo "2072"]
[PlyCount "71"]
[EventDate "2009.??.??"]
[EventType "tourn (corr)"]
[EventRounds "6"]
[EventCountry "GER"]
[SourceTitle "Corr 2020"]
[Source "ChessBase"]
[SourceDate "2019.09.30"]
[SourceVersion "1"]
[SourceVersionDate "2019.09.30"]
[SourceQuality "1"]

1. f4 d5 2. e3 Nf6 3. b3 e6 4. Bb2 c5 5. Nf3 Be7 6. Be2 0-0 7. 0-0 Nc6 8. Ne5 Nxe5 9. fxe5 Nd7 10. c4 f6 11. cxd5 exd5 12. Nc3 Nxe5 13. d4 Nf7 14. dxc5 Bxc5 15. Nxd5 Be6 16. Bc4 Kh8 17. Qh5 Ng5 18. Rad1 Qe8 19. Qxe8 Raxe8 20. Bd4 Rc8 21. h4 Nf7 22. Rfe1 Bg4 23. Be2 Bxe2 24. Rxe2 Rfd8 25. Nf4 Bxd4 26. exd4 Ne5 27. Kf2 Kg8 28. Rdd2 Ng4+ 29. Kf3 Nh2+ 30. Ke4 Nf1 31. Rd3 Re8+ 32. Kf3 Nh2+ 33. Kf2 Ng4+ 34. Kg3 Rxe2 35. Nxe2 Nh6 36. d5 1/2-1/2

[Event "GER-ch38 fin email"]
[Site "GER email"]
[Date "2009.??.??"]
[Round "?"]
[White "Zautzig, Hubert"]
[Black "Gericke, Rolf"]
[Result "1/2-1/2"]
[WhiteElo "2280"]
[BlackElo "2072"]
[PlyCount "63"]
[EventDate "2009.??.??"]
[EventType "tourn (corr)"]
[EventRounds "12"]
[EventCountry "GER"]
[SourceTitle "Corr 2020"]
[Source "ChessBase"]
[SourceDate "2019.09.30"]
[SourceVersion "1"]
[SourceVersionDate "2019.09.30"]
[SourceQuality "1"]

1. e4 c5 2. Nf3 Nc6 3. d4 cxd4 4. Nxd4 Nf6 5. Nc3 d6 6. Bg5 e6 7. Qd2 a6 8. 0-0-0 Bd7 9. f4 Be7 10. Nf3 b5 11. e5 b4 12. exf6 bxc3 13. Qxc3 gxf6 14. Bh4 d5 15. Kb1 Rc8 16. Bxa6 Rc7 17. Bd3 Nb4 18. Qd4 Rb7 19. a3 Nc6 20. Qc3 0-0 21. Nd4 Nxd4 22. Qxd4 Qa5 23. Bxf6 Bxf6 24. Qxf6 Rfb8 25. Bxh7+ Kf8 26. b3 Rxb3+ 27. cxb3 Rxb3+ 28. Kc1 Qxa3+ 29. Kd2 Rb2+ 30. Bc2 Ba4 31. Qd8+ Kg7 32. Qg5+ 1/2-1/2

[Event "GER-ch40 V04 email"]
[Site "GER email"]
[Date "2008.04.28"]
[Round "?"]
[White "Fritsche, Frank"]
[Black "Gericke, Rolf"]
[Result "1/2-1/2"]
[WhiteElo "2033"]
[BlackElo "2072"]
[PlyCount "57"]
[EventDate "2008.??.??"]
[EventType "tourn (corr)"]
[EventRounds "10"]
[EventCountry "GER"]
[SourceTitle "Corr 2011"]
[Source "ChessBase"]
[SourceDate "2010.08.31"]
[SourceVersion "1"]
[SourceVersionDate "2010.08.31"]
[SourceQuality "1"]

1. e4 e5 2. Nf3 Nc6 3. Bc4 Bc5 4. b4 Bxb4 5. c3 Ba5 6. d4 d6 7. Qb3 Qd7 8. dxe5 Bb6 9. Nbd2 Na5 10. Qc2 Nxc4 11. Nxc4 d5 12. exd5 Qxd5 13. Ne3 Qe6 14. 0-0 Ne7 15. c4 Qg6 16. Qb3 Bxe3 17. Bxe3 b6 18. Bg5 Nf5 19. e6 0-0 20. exf7+ Qxf7 21. Bc1 c5 22. Bb2 Bb7 23. Ne5 Qe8 24. Rad1 Rd8 25. f3 Qe7 26. Rfe1 Qg5 27. Bc1 Qh4 28. Qc2 Rxd1 29. Qxd1 1/2-1/2

[Event "GER-ch40 V04 email"]
[Site "GER email"]
[Date "2008.04.28"]
[Round "?"]
[White "Gericke, Rolf"]
[Black "Schreiber, Kurt"]
[Result "1/2-1/2"]
[WhiteElo "2072"]
[BlackElo "2305"]
[PlyCount "52"]
[EventDate "2008.??.??"]
[EventType "tourn (corr)"]
[EventRounds "10"]
[EventCountry "GER"]
[SourceTitle "Corr 2011"]
[Source "ChessBase"]
[SourceDate "2010.08.31"]
[SourceVersion "1"]
[SourceVersionDate "2010.08.31"]
[SourceQuality "1"]

1. e4 e6 2. d4 d5 3. Nc3 Nf6 4. e5 Nfd7 5. f4 c5 6. Nf3 Nc6 7. Be3 Be7 8. Qd2 0-0 9. dxc5 Nxc5 10. 0-0-0 b6 11. g4 Bb7 12. h4 Rc8 13. Nd4 a6 14. Nxc6 Bxc6 15. Bg2 b5 16. Ne2 Ne4 17. Bxe4 dxe4 18. Qxd8 Rfxd8 19. h5 f6 20. h6 g6 21. a3 f5 22. Rxd8+ Rxd8 23. g5 Kf7 24. Nd4 Bd5 25. Rd1 Rb8 26. Kd2 Ke8 1/2-1/2

[Event "GER-ch40 V04 email"]
[Site "GER email"]
[Date "2008.04.28"]
[Round "?"]
[White "Rook, Detlef"]
[Black "Gericke, Rolf"]
[Result "1-0"]
[WhiteElo "2060"]
[BlackElo "2072"]
[PlyCount "115"]
[EventDate "2008.??.??"]
[EventType "tourn (corr)"]
[EventRounds "10"]
[EventCountry "GER"]
[SourceTitle "Corr 2011"]
[Source "ChessBase"]
[SourceDate "2010.08.31"]
[SourceVersion "1"]
[SourceVersionDate "2010.08.31"]
[SourceQuality "1"]

1. e4 e5 2. Nf3 Nc6 3. d4 exd4 4. Nxd4 Bc5 5. Be3 Qf6 6. c3 Nge7 7. Bc4 Ne5 8. Be2 d6 9. 0-0 0-0 10. f4 N5g6 11. Qd2 Re8 12. f5 Nf8 13. Na3 Nc6 14. Rae1 Bd7 15. b4 Bb6 16. Rf4 Ne5 17. Bf2 Ba4 18. Nc4 Bc6 19. b5 Bd7 20. Rf1 Kh8 21. Bg3 c6 22. Kh1 Nxc4 23. Bxc4 d5 24. bxc6 dxc4 25. cxd7 Nxd7 26. Ne6 fxe6 27. Qxd7 exf5 28. Rxf5 Qg6 29. Qxb7 h6 30. e5 Kh7 31. Qe4 Rf8 32. Bh4 Rxf5 33. Rxf5 Rc8 34. Be7 Qc6 35. Qc2 Kg8 36. Rf1 Qd5 37. Qf5 Re8 38. Bd6 Ba5 39. Qg6 Ra8 40. Qg4 Bxc3 41. Rd1 Qc6 42. Rc1 Re8 43. Qf3 Qxf3 44. gxf3 Bd2 45. Rxc4 g5 46. a4 a5 47. h4 Kf7 48. h5 Bf4 49. Rc5 Ra8 50. Kg2 Ke6 51. Kh3 Ra6 52. Bc7 Bd2 53. Kg4 Bb4 54. Rc2 Ra7 55. Rc6+ Kd5 56. Rc2 Ke6 57. f4 gxf4 58. Kxf4 1-0